El testigo ocular

Sparad:
Bibliografiska uppgifter
Huvudupphovsman: Belloc, Hilaire (Författare, medförfattare)
Materialtyp: Bok
Språk:spanska
Publicerad: Buenos Aires Emecé 1951
Serie:Síntesis de Cultura
Ämnen:
Taggar: Lägg till en tagg
Inga taggar, Lägg till första taggen!

MARC

LEADER 00000nam a2200000 a 4500
001 UCZ6319
003 CL-VaPUC
008 951211e19510000AG |||||||||||||||||spa|d
082 0 4 |a 372.83  |b BEL  |2 21 
100 0 |a Belloc, Hilaire  |e author  |9 348876 
245 1 3 |a El testigo ocular 
300 |a 206 p 
942 |c BK 
945 |d 19951211 00:00:00  |a rleighto 
260 |a Buenos Aires  |b Emecé  |c 1951 
650 0 |a Educación  |9 258661 
650 0 |a Historia  |9 255047 
650 0 |a Enseñanza de la historia   |9 307330 
650 0 |a Historia antigua  |9 267521 
650 0 |a Historia medieval   |9 258042 
650 0 |a Historia moderna  |9 268036 
650 0 |a Métodos de estudio  |9 260518 
583 |a last modification  |c 19951211 00:00:00  |k Rodrigo Vera 
490 0 |a Síntesis de Cultura 
999 |c 242533  |d 242531 
952 |0 0  |1 0  |4 0  |6 372_830000000000000_BEL_1951  |7 0  |8 P  |9 255561  |a BIBEDU  |b BIBEDU  |c BIBEDU_PB  |d 2019-11-19  |i 3157644  |o 372.83 BEL 1951  |p 3157644  |r 2024-01-25  |w 2019-11-19  |y BK  |k LIT